| 000 | 00515nam a2200181Ia 4500 | ||
|---|---|---|---|
| 999 |
_c27667 _d27667 |
||
| 003 | OSt | ||
| 005 | 20201216105402.0 | ||
| 008 | 190216s9999||||xx |||||||||||||| ||und|| | ||
| 020 | _a9788171307968 | ||
| 040 | _coclc | ||
| 082 |
_a894.8121 _bKUR/O |
||
| 100 |
_aKurup, O N V _97466 |
||
| 245 | 0 |
_aO N V Yute Nalu Kavya Samaharangal / _cO N V Kurup |
|
| 260 |
_bD C Books, _c1998. _aKottayam: |
||
| 300 | _a258p | ||
| 650 | _aKavithkal | ||
| 942 |
_cBK _2ddc _h894.8121 _iKUR/O _k894.8121 _mKUR/O |
||